[Event "8th Sunway Sitges 2021"]
[Site "Sitges ESP"]
[Date "2021.12.14"]
[Round "2.80"]
[White "Saduakassova, Dinara"]
[Black "Montesinos Diaz, Luis"]
[Result "1-0"]
[WhiteTitle "IM"]
[WhiteElo "2477"]
[BlackElo "2063"]
[WhiteFideId "13700090"]
[BlackFideId "24553468"]
[EventDate "2021.12.13"]

1. Nf3 d5 2. g3 Nf6 3. Bg2 Bf5 4. O-O e6 5. d3 Be7 6. Nbd2 h6 7. Qe1 c6 8. e4
Bh7 9. b3 a5 10. a3 O-O 11. Bb2 dxe4 12. dxe4 Na6 13. Qe2 Nc5 14. Ne5 Qc7 15.
Ng4 Ncd7 16. Nc4 Nxg4 17. Qxg4 Bf6 18. e5 Be7 19. Qe2 Nb6 20. Nd6 Bxd6 21. exd6
Qxd6 22. Rad1 Qe7 23. c4 Nd7 24. Qg4 Nf6 25. Qf3 Rfd8 26. Bd4 Bf5 27. Qc3 Ne8
28. a4 Qb4 29. Qb2 Bg4 30. Rd3 Qd6 31. Rd2 Qb4 32. h3 Bh5 33. g4 Bg6 34. Rfd1
Qe7 35. Qc3 Qc7 36. Qe3 Qe7 37. Bb6 Rxd2 38. Qxd2 Qb4 39. Qxb4 axb4 40. Rd7 Rb8
41. Ba7 Nf6 42. Rc7 Ra8 43. Rxb7 Ne4 44. a5 Nd2 45. a6 Kh7 46. Be3 Nxb3 47. Rxb4
Rxa6 48. Rxb3 Ra4 49. c5 1-0

[Event "8th Sunway Sitges 2021"]
[Site "Sitges ESP"]
[Date "2021.12.14"]
[Round "2.81"]
[White "Stoyanov, Tsvetan"]
[Black "Hiren, K G"]
[Result "1-0"]
[WhiteTitle "FM"]
[WhiteElo "2424"]
[BlackElo "2058"]
[WhiteFideId "2917173"]
[BlackFideId "35053400"]
[EventDate "2021.12.13"]

1. e4 c5 2. Nf3 a6 3. c4 Nc6 4. d4 cxd4 5. Nxd4 e6 6. Nc3 Bb4 7. Nxc6 dxc6 8.
Qb3 Ba5 9. Be3 Qe7 10. e5 f6 11. O-O-O Bxc3 12. Qxc3 Bd7 13. Be2 O-O-O 14. Bb6
Nh6 15. Qa5 c5 16. Bf3 Qf7 17. Bxd8 Rxd8 18. Qb6 1-0

[Event "8th Sunway Sitges 2021"]
[Site "Sitges ESP"]
[Date "2021.12.14"]
[Round "2.82"]
[White "Roubert, Emile"]
[Black "Molina, Roberto Junio Brito"]
[Result "0-1"]
[BlackTitle "IM"]
[WhiteElo "2077"]
[BlackElo "2420"]
[WhiteFideId "680311"]
[BlackFideId "2109450"]
[EventDate "2021.12.13"]

1. e4 c5 2. Nf3 d6 3. d4 cxd4 4. Nxd4 Nf6 5. Nc3 a6 6. Be2 e5 7. Nf3 h6 8. Nd2
b5 9. Nf1 Bb7 10. Bf3 Be7 11. Ne3 O-O 12. O-O Nbd7 13. Ncd5 Nxd5 14. Nxd5 Nf6
15. Nxf6+ Bxf6 16. c3 Qc7 17. Qd3 Rad8 18. Be3 Bc6 19. a4 bxa4 20. Qxa6 Rb8 21.
Qc4 Qb7 22. Rfd1 Be7 23. Rd2 Kh8 24. Bd1 Bxe4 25. Rxa4 d5 26. Qf1 d4 27. cxd4
Bb4 28. Rxb4 Qxb4 29. dxe5 Rfd8 30. Rxd8+ Rxd8 31. f3 Bc6 32. Qe2 Bb5 0-1

[Event "8th Sunway Sitges 2021"]
[Site "Sitges ESP"]
[Date "2021.12.14"]
[Round "2.83"]
[White "Pantzar, Milton"]
[Black "Laddha, Yash Jayesh"]
[Result "1-0"]
[WhiteTitle "IM"]
[WhiteElo "2420"]
[BlackElo "2056"]
[WhiteFideId "1721003"]
[BlackFideId "30942780"]
[EventDate "2021.12.13"]

1. c4 e5 2. Nc3 Nf6 3. Nf3 Nc6 4. e3 Bb4 5. Qc2 Bxc3 6. Qxc3 Qe7 7. d3 d5 8.
cxd5 Nxd5 9. Qb3 Nb6 10. a3 Be6 11. Qc2 a5 12. b3 O-O 13. Be2 f6 14. O-O Qf7 15.
Nd2 Rad8 16. Bb2 Qg6 17. Ne4 Bd5 18. g3 Nd7 19. Rac1 f5 20. Nc3 Be6 21. Nb5 Qf7
22. b4 axb4 23. Nxc7 Bb3 24. Qd2 Nb6 25. axb4 Qxc7 26. b5 Ba4 27. bxc6 Bxc6 28.
Qc3 Rfe8 29. Qb3+ Kh8 30. d4 e4 31. Rc5 Nd5 32. Ra1 Qd7 33. Ra7 Ra8 34. Rca5
Rxa7 35. Rxa7 Qc7 36. Ba3 Rc8 37. Bc5 Qd7 38. Qa3 Qe8 39. Bd6 Qg8 40. Be5 Qd8
41. Bf1 Kg8 42. h4 Qf8 43. Bd6 Qe8 44. Bh3 Qd7 45. Be5 g6 46. Bf1 Kf7 47. Qb3
Qd8 48. Ba6 Ra8 49. Rxb7+ Ke6 50. Bc4 Bxb7 51. Qxb7 Ra1+ 52. Kg2 Qd7 53. Qxd7+
Kxd7 54. Bxd5 Ke7 55. Bc6 1-0

[Event "8th Sunway Sitges 2021"]
[Site "Sitges ESP"]
[Date "2021.12.15"]
[Round "3.1"]
[White "Korobov, Anton"]
[Black "Taher, Yoseph Theolifus"]
[Result "1-0"]
[WhiteTitle "GM"]
[BlackTitle "IM"]
[WhiteElo "2699"]
[BlackElo "2455"]
[WhiteFideId "14105730"]
[BlackFideId "7105347"]
[EventDate "2021.12.13"]

1. d4 d5 2. Nf3 e6 3. c4 c5 4. cxd5 exd5 5. g3 Nc6 6. Bg2 Nf6 7. O-O Be7 8. Nc3
O-O 9. Bg5 Be6 10. Rc1 c4 11. Ne5 Qb6 12. Nxc6 bxc6 13. Na4 Qb4 14. b3 cxb3 15.
axb3 Rfc8 16. e3 h6 17. Bxf6 Bxf6 18. Nc5 Re8 19. Qc2 Qb5 20. Nxe6 Rxe6 21. Bh3
Rd6 22. Qa2 Bd8 23. Rc5 Qb7 24. Rfc1 a5 25. Qc2 Ra6 26. e4 dxe4 27. Qxe4 g6 28.
d5 cxd5 29. Qe8+ Kg7 30. Bc8 Qe7 31. Qxe7 Bxe7 32. Bxa6 Rxa6 33. Rxd5 a4 34. Rd7
Ba3 35. Rcc7 axb3 36. Rxf7+ Kg8 37. Rg7+ Kf8 38. Rcf7+ Ke8 39. Rb7 Kf8 40. Rgc7
Ra8 41. Rxb3 1-0

[Event "8th Sunway Sitges 2021"]
[Site "Sitges ESP"]
[Date "2021.12.15"]
[Round "3.2"]
[White "Aditya, Mittal"]
[Black "Cheparinov, Ivan"]
[Result "0-1"]
[WhiteTitle "IM"]
[BlackTitle "GM"]
[WhiteElo "2459"]
[BlackElo "2664"]
[WhiteFideId "35042025"]
[BlackFideId "2905540"]
[EventDate "2021.12.13"]

1. d4 Nf6 2. c4 e6 3. Nf3 d5 4. Nc3 c6 5. Bg5 h6 6. Bh4 dxc4 7. e4 g5 8. Bg3 b5
9. Be2 Bb7 10. O-O Nbd7 11. Ne5 Bg7 12. Nxf7 Kxf7 13. e5 Ne8 14. Bh5+ Kg8 15. f4
Rh7 16. fxg5 hxg5 17. Qg4 c5 18. d5 exd5 19. Rae1 Kh8 20. Bg6 Rh6 21. Rf7 Rxg6
22. Rxd7 Qc8 23. Qh5+ Rh6 24. Qf7 Bc6 25. e6 Rf6 26. Qh5+ Kg8 27. h4 Bxd7 28.
Nxd5 Rxe6 29. Rxe6 Bxe6 30. Ne7+ Kf8 31. Nxc8 Rxc8 32. hxg5 Bxb2 33. g6 Bd4+ 34.
Kf1 Ke7 35. Be5 Nf6 36. Qg5 Bxe5 37. Qxe5 b4 38. Ke2 c3 39. Kd1 a5 40. g4 Nxg4
41. Qg7+ Kd6 42. Qa7 Ne5 43. g7 Nc6 44. Qa6 Rd8 45. Kc1 Bxa2 46. Qf1 Kc7 47. Qf8
Bb3 0-1

[Event "8th Sunway Sitges 2021"]
[Site "Sitges ESP"]
[Date "2021.12.15"]
[Round "3.3"]
[White "Ayats Llobera, Gerard"]
[Black "Niemann, Hans Moke"]
[Result "0-1"]
[WhiteTitle "IM"]
[BlackTitle "GM"]
[WhiteElo "2448"]
[BlackElo "2645"]
[WhiteFideId "32067607"]
[BlackFideId "2093596"]
[EventDate "2021.12.13"]

1. e4 e5 2. Nf3 Nc6 3. Bb5 a6 4. Ba4 d6 5. O-O Bd7 6. c4 g5 7. d4 g4 8. Bxc6
Bxc6 9. Ne1 exd4 10. Qxd4 Qf6 11. Nc2 Bg7 12. Qd3 Qg6 13. Nd4 Bxd4 14. Qxd4
O-O-O 15. Nc3 Nf6 16. Nd5 Bxd5 17. exd5 Kd7 18. b4 Rhe8 19. Bb2 Ne4 20. c5 dxc5
21. bxc5 Kc8 22. Rad1 h5 23. d6 Rd7 24. Ba3 c6 25. Rfe1 h4 26. Re2 h3 27. Rde1
f5 28. g3 Rf8 29. Bc1 Qf6 30. Qc4 Qf7 31. Qd4 Qd5 32. Qxd5 cxd5 33. Bf4 Kb8 34.
Rc2 Rc8 35. Rd1 Nxc5 36. Rxd5 Ne6 37. Rxc8+ Kxc8 38. Be3 Rf7 39. Kf1 Kd7 40. Ke2
Kc6 41. Rd2 Rd7 42. f3 Rxd6 43. Rc2+ Kd7 44. fxg4 fxg4 45. Rb2 b5 46. Rb4 Rc6
47. Kd3 Rc4 48. Rxc4 bxc4+ 49. Kxc4 Kd6 50. a4 Ke5 51. Kd3 Kd5 52. a5 Ng7 53.
Bb6 Nf5 54. Bf2 Nd6 55. Be3 Nc4 56. Bb6 Ne5+ 57. Ke3 Nf3 58. Kf2 Nxh2 59. Kg1
Nf3+ 60. Kh1 Kc4 0-1

[Event "8th Sunway Sitges 2021"]
[Site "Sitges ESP"]
[Date "2021.12.15"]
[Round "3.4"]
[White "Karthikeyan, Murali"]
[Black "Pranesh, M"]
[Result "1/2-1/2"]
[WhiteTitle "GM"]
[BlackTitle "IM"]
[WhiteElo "2630"]
[BlackElo "2437"]
[WhiteFideId "5074452"]
[BlackFideId "35028600"]
[EventDate "2021.12.13"]

1. e4 e5 2. Nf3 Nc6 3. Bb5 a6 4. Ba4 Nf6 5. O-O b5 6. Bb3 Bc5 7. a4 Rb8 8. c3 d6
9. d4 Bb6 10. Qd3 O-O 11. Bg5 h6 12. Bxf6 Qxf6 13. axb5 axb5 14. Qxb5 Bb7 15.
Bd5 Na7 16. Qd3 exd4 17. Bxb7 Rxb7 18. cxd4 Nc6 19. Ra4 Rfb8 20. Nc3 Ne7 21. b4
c6 22. g3 Bc7 23. Rb1 Qg6 24. Ne1 f5 25. exf5 Nxf5 26. d5 c5 27. b5 Rf8 28. Nc2
Bb6 29. Ne3 c4 30. Rxc4 Bxe3 31. fxe3 Re7 32. Re1 Qg5 33. Ne4 Qh5 34. Nd2 Qh3
35. Qf1 Qh5 36. Rf4 Ref7 37. Qf3 Qg5 38. Rf1 Nd4 39. Qg2 Nxb5 40. Ne4 Qe7 41.
Rxf7 Rxf7 42. Rxf7 Qxf7 43. Qd2 Nc7 44. Nxd6 Qg6 45. Nc4 Qb1+ 46. Kf2 Qf5+ 47.
Kg1 Qb1+ 48. Kf2 Qf5+ 1/2-1/2

[Event "8th Sunway Sitges 2021"]
[Site "Sitges ESP"]
[Date "2021.12.15"]
[Round "3.5"]
[White "Garcia Ramos, Daniel"]
[Black "Vocaturo, Daniele"]
[Result "0-1"]
[WhiteTitle "FM"]
[BlackTitle "GM"]
[WhiteElo "2428"]
[BlackElo "2621"]
[WhiteFideId "32010311"]
[BlackFideId "813192"]
[EventDate "2021.12.13"]

1. c4 c5 2. Nf3 Nc6 3. Nc3 g6 4. e3 Nf6 5. d4 cxd4 6. exd4 d5 7. cxd5 Nxd5 8.
Qb3 Nxc3 9. Bc4 Nd5 10. Bxd5 e6 11. Bxc6+ bxc6 12. O-O Qd5 13. Be3 f6 14. Nd2
Be7 15. Rfc1 O-O 16. Qc2 Rb8 17. Nb3 Bd7 18. Nc5 Rfd8 19. b3 Be8 20. Qc4 Qxc4
21. Rxc4 Kf7 22. Rac1 Rd5 23. Kf1 Rb5 24. Ra4 a5 25. Rac4 g5 26. Ne4 Rd8 27. Ke2
g4 28. f3 gxf3+ 29. gxf3 Rh5 30. Bf4 c5 31. Rxc5 Bxc5 32. Rxc5 Rxc5 33. dxc5 e5
34. Bd2 a4 35. Nd6+ Ke6 36. b4 Kd5 37. Kd3 Bd7 38. Kc3 Rg8 39. Ne4 Rg6 40. h4 h5
41. Be3 f5 42. Ng5 a3 43. Kb3 Ra6 44. Nf7 f4 45. Bg1 Ba4+ 46. Kc3 Rg6 47. Ng5
Bb5 48. Bf2 Bc4 49. Ne4 Bxa2 50. b5 Bc4 51. Kb4 a2 52. Nc3+ Ke6 53. Nxa2 Bxa2
54. c6 Bd5 0-1

[Event "8th Sunway Sitges 2021"]
[Site "Sitges ESP"]
[Date "2021.12.15"]
[Round "3.6"]
[White "Sethuraman, S.P."]
[Black "Pranav, Anand"]
[Result "1-0"]
[WhiteTitle "GM"]
[BlackTitle "IM"]
[WhiteElo "2613"]
[BlackElo "2416"]
[WhiteFideId "5021596"]
[BlackFideId "46626786"]
[EventDate "2021.12.13"]

1. d4 Nf6 2. c4 e6 3. Nf3 d5 4. Nc3 Bb4 5. Qa4+ Nc6 6. a3 Bxc3+ 7. bxc3 Ne4 8.
Bf4 Nxc3 9. Qc2 Ne4 10. h4 O-O 11. e3 Ne7 12. Bd3 c5 13. cxd5 exd5 14. dxc5 Qa5+
15. Kf1 Bf5 16. Nd4 Rac8 17. c6 bxc6 18. Nxf5 Nxf5 19. g4 Ne7 20. f3 f5 21. h5
Qc3 22. Qxc3 Nxc3 23. g5 Kf7 24. Rc1 Na4 25. Rh2 Ke6 26. Rhc2 Nb6 27. Ba6 Rcd8
28. h6 g6 29. Rxc6+ Nxc6 30. Rxc6+ Kf7 31. a4 Rfe8 32. Bc7 Rd7 33. Rf6+ Ke7 34.
Bxb6 axb6 35. Bb5 Rb7 36. Bxe8 Kxe8 37. Rd6 b5 38. axb5 Rxb5 39. Rxg6 d4 40.
Rg8+ Kf7 41. Rg7+ Ke6 42. exd4 f4 1-0

[Event "8th Sunway Sitges 2021"]
[Site "Sitges ESP"]
[Date "2021.12.15"]
[Round "3.7"]
[White "Boyer, Mahel"]
[Black "Puranik, Abhimanyu"]
[Result "0-1"]
[WhiteTitle "IM"]
[BlackTitle "GM"]
[WhiteElo "2427"]
[BlackElo "2604"]
[WhiteFideId "45102422"]
[BlackFideId "5061245"]
[EventDate "2021.12.13"]

1. d4 Nf6 2. c4 g6 3. Nc3 d5 4. h4 Bg7 5. h5 Nxh5 6. cxd5 c6 7. e4 cxd5 8. e5
Bf8 9. Qb3 Nc6 10. Nf3 a6 11. Be2 Ng7 12. Qxd5 Bg4 13. Be3 Qxd5 14. Nxd5 Rd8 15.
Nc3 Nf5 16. Rd1 h5 17. e6 fxe6 18. Ng5 Nxe3 19. fxe3 Bh6 20. Bxg4 Bxg5 21. Ke2
Kf7 22. Bf3 Bf6 23. Rdf1 Nb4 24. Bxb7 Rb8 25. Bf3 Nxa2 26. Nxa2 Rxb2+ 27. Kd3
Rxa2 28. Ra1 Rb2 29. Rxa6 Rb3+ 30. Ke4 Rc8 31. Bd1 Rb2 32. g4 h4 33. Rf1 g5 34.
Ba4 Rc7 35. Rg1 Rc3 36. Rc6 Ra3 37. Rc2 Rb4 38. Bc6 Rxe3+ 0-1

[Event "8th Sunway Sitges 2021"]
[Site "Sitges ESP"]
[Date "2021.12.15"]
[Round "3.8"]
[White "Cuhendi, Sean Winshand"]
[Black "Safarli, Eltaj"]
[Result "0-1"]
[WhiteTitle "IM"]
[BlackTitle "GM"]
[WhiteElo "2419"]
[BlackElo "2579"]
[WhiteFideId "7101554"]
[BlackFideId "13402129"]
[EventDate "2021.12.13"]

1. d4 Nf6 2. Bf4 g6 3. Nc3 d5 4. e3 Bg7 5. h4 c6 6. Qd2 b5 7. Bd3 Nbd7 8. Nf3 b4
9. Ne2 Qb6 10. a3 bxa3 11. b4 Ne4 12. Bxe4 dxe4 13. Ng5 e5 14. Bg3 exd4 15. exd4
O-O 16. O-O Ba6 17. Rxa3 Rfe8 18. Rfa1 Bc4 19. c3 h6 20. Nh3 Nf6 21. Bf4 Ng4 22.
Ng3 Qd8 23. h5 g5 24. Nf5 Be6 25. Nxg7 Kxg7 26. Bg3 Bc4 27. Bf4 Be6 28. Bg3 Bc4
29. Qd1 Qd7 30. d5 cxd5 31. Qd4+ Kg8 32. Ra5 a6 33. Rc5 Rac8 34. Re1 Re6 35. f3
Nf6 36. Rd1 exf3 37. Be5 Rxc5 38. bxc5 Qa4 39. Bxf6 Rxf6 40. Qxf6 Qxd1+ 41. Kh2
fxg2 42. Ng1 Qxh5+ 43. Kxg2 Qg4+ 44. Kf2 Qe6 45. Qd8+ Kg7 46. Nf3 Qf6 0-1

[Event "8th Sunway Sitges 2021"]
[Site "Sitges ESP"]
[Date "2021.12.15"]
[Round "3.9"]
[White "Gines Esteo, Pedro Antonio"]
[Black "Kadric, Denis"]
[Result "0-1"]
[WhiteTitle "IM"]
[BlackTitle "GM"]
[WhiteElo "2413"]
[BlackElo "2572"]
[WhiteFideId "32080190"]
[BlackFideId "14403803"]
[EventDate "2021.12.13"]

1. d4 Nf6 2. c4 d6 3. Nc3 e5 4. Nf3 Nbd7 5. Bg5 h6 6. Bh4 g5 7. Bg3 Nh5 8. dxe5
Nxg3 9. hxg3 g4 10. e6 fxe6 11. Nh4 Qf6 12. f4 gxf3 13. exf3 Qg7 14. Rh3 Be7 15.
f4 O-O 16. Qh5 Nf6 17. Qg6 Bd7 18. O-O-O Ng4 19. Re1 e5 20. c5 dxc5 21. Bc4+ Kh8
22. Be6 Bxe6 23. Qxe6 Rf6 24. Qc4 Nf2 25. fxe5 Rff8 26. Rh2 Qxg3 27. Nf3 Rxf3
28. Rxh6+ Kg7 29. gxf3 Nd3+ 30. Qxd3 Qxe1+ 31. Kc2 Kxh6 32. Qf5 Qf2+ 33. Kb3 c4+
34. Ka4 Qb6 35. Qh3+ Kg7 36. Qg4+ Qg6 37. Qxc4 Qc6+ 0-1

[Event "8th Sunway Sitges 2021"]
[Site "Sitges ESP"]
[Date "2021.12.15"]
[Round "3.10"]
[White "Livaic, Leon"]
[Black "Cori T., Deysi"]
[Result "1-0"]
[WhiteTitle "IM"]
[BlackTitle "WGM"]
[WhiteElo "2547"]
[BlackElo "2413"]
[WhiteFideId "14531534"]
[BlackFideId "3801934"]
[EventDate "2021.12.13"]

1. d4 g6 2. e4 d6 3. Nf3 c6 4. Bd3 Bg7 5. h3 Nd7 6. O-O Qc7 7. Nbd2 Ngf6 8. Re1
O-O 9. a4 Re8 10. Nc4 e5 11. dxe5 Nxe5 12. Nfxe5 dxe5 13. Qf3 Be6 14. Be3 Nd7
15. Bd2 Bf8 16. Red1 Be7 17. Bc3 Rad8 18. Be2 Rf8 19. Qg3 f6 20. b4 Nb6 21. Rxd8
Rxd8 22. Ne3 Bf8 23. a5 Nc8 24. Bg4 Qf7 25. Qf3 Nd6 26. Rd1 Be7 27. Bxe6 Qxe6
28. Be1 Kf7 29. Rd3 Ke8 30. h4 Qf7 31. h5 f5 32. hxg6 hxg6 33. Qh3 fxe4 34. Rd1
Bf6 35. Ng4 Bg7 36. Bc3 Qf4 37. Nxe5 Nf5 38. Rxd8+ Kxd8 39. Nxg6 Qc1+ 40. Kh2
Bxc3 41. Qxf5 Qh6+ 42. Kg3 Bxb4 43. Kg4 e3 44. Qf6+ Kc7 45. Qf7+ Kb8 46. Qe8+
Kc7 47. fxe3 Bxa5 48. Qe7+ Kb6 49. Ne5 Ka6 50. e4 Qd2 51. g3 Qxc2 52. Nd7 Qd1+
53. Kh3 Qh1+ 54. Kg4 Qd1+ 55. Kh3 Bb4 56. Qxb4 Qh5+ 57. Kg2 Qe2+ 58. Kg1 Qd1+
59. Kf2 Qxd7 60. Ke3 b5 61. e5 Qg7 62. Qf4 Qg6 63. g4 Ka5 64. Qf5 Qh6+ 65. g5
Qh1 66. e6 c5 67. Qf6 Qe1+ 68. Kf4 Qd2+ 69. Ke4 c4 70. e7 c3 71. g6 Qe1+ 72. Kf5
Qb1+ 73. Ke6 Qb3+ 74. Kd6 c2 75. Qa1+ Qa4 76. Qe1+ Qb4+ 77. Qxb4+ Kxb4 78. e8=Q
c1=Q 79. Qe4+ Ka3 80. Qd3+ Ka4 81. Qd4+ Kb3 82. g7 Qg5 1-0

[Event "8th Sunway Sitges 2021"]
[Site "Sitges ESP"]
[Date "2021.12.15"]
[Round "3.11"]
[White "Maze, Sebastien"]
[Black "Neelotpal, Das"]
[Result "1/2-1/2"]
[WhiteTitle "GM"]
[BlackTitle "GM"]
[WhiteElo "2541"]
[BlackElo "2410"]
[WhiteFideId "613762"]
[BlackFideId "5003512"]
[EventDate "2021.12.13"]

1. e4 e5 2. Nf3 Nc6 3. Bc4 Bc5 4. O-O Nf6 5. d3 O-O 6. Bg5 h6 7. Bh4 Be7 8. Bg3
d6 9. a4 Be6 10. Nbd2 Nh7 11. Bxe6 fxe6 12. c3 a5 13. Qb3 Qd7 14. d4 exd4 15.
Nxd4 Nxd4 16. cxd4 Bf6 17. Nf3 Ng5 18. Nxg5 Bxg5 19. f4 Bf6 20. e5 Be7 21. f5 d5
22. Rac1 Bg5 23. Rc2 h5 24. h4 Bh6 25. Qxb7 Qxa4 26. Qxc7 Qxd4+ 27. Bf2 Qg4 28.
fxe6 Qxe6 29. Qd6 Qxd6 30. exd6 Bf4 31. Rd1 Rfd8 32. g3 Bxd6 33. Rxd5 Be7 34.
Rxh5 Bf6 35. Rb5 a4 36. Rb4 Rdb8 37. Rcc4 Rxb4 38. Rxb4 a3 39. bxa3 Rxa3 40. g4
g6 41. Rb6 Kf7 42. Rb4 Ra2 43. Bg3 Ke6 44. g5 Be7 45. Rf4 Rb2 46. Bf2 Rb4 47.
Rf3 Rg4+ 48. Kf1 Ra4 49. Kg2 Ra2 50. Rf4 Rb2 51. Kh3 Rb3+ 52. Bg3 Rb5 53. Rf3
Ra5 54. Rf2 Ra4 55. Bf4 Rc4 56. Kg3 Ra4 57. Rb2 Bc5 58. Rb7 Be7 59. Rb6+ Kf5 60.
Rb5+ Ke6 61. Rb7 Ra1 62. Rb6+ Kf5 63. Rb5+ Ke6 64. Re5+ Kf7 65. Re4 Rg1+ 66. Kh2
Rb1 67. Bg3 Rb3 68. Rf4+ Kg8 69. Rf2 Rb5 70. Rf3 Ra5 71. Rb3 Kf7 72. Rb6 Ra4 73.
h5 Bxg5 74. hxg6+ Kg8 75. Kh3 Bf4 76. Be1 Be5 77. Re6 Ba1 78. Bd2 Kg7 79. Bg5
Bb2 80. Rb6 Ba1 81. Rc6 1/2-1/2

[Event "8th Sunway Sitges 2021"]
[Site "Sitges ESP"]
[Date "2021.12.15"]
[Round "3.12"]
[White "Suleymanli, Aydin"]
[Black "Vaishali, R"]
[Result "1-0"]
[WhiteTitle "GM"]
[BlackTitle "IM"]
[WhiteElo "2537"]
[BlackElo "2401"]
[WhiteFideId "13413937"]
[BlackFideId "5091756"]
[EventDate "2021.12.13"]

1. d4 Nf6 2. Bg5 d5 3. Nd2 c5 4. dxc5 Nc6 5. Bxf6 gxf6 6. c3 a5 7. a4 e5 8. e4
Bxc5 9. Nb3 Ba7 10. exd5 Qb6 11. Qc2 Ne7 12. Bb5+ Kf8 13. c4 Bf5 14. Qd2 Rc8 15.
Rc1 Rg8 16. d6 Ng6 17. c5 Qd8 18. Nxa5 Rxc5 19. Rxc5 Bxc5 20. Nxb7 Qb6 21. d7
Bxd7 22. Nxc5 Qxc5 23. Bxd7 Nf4 24. g3 Qc4 25. Qd6+ Kg7 26. gxf4 Qe4+ 27. Kd2
Qxh1 28. fxe5 Qxg1 29. Qxf6+ Kf8 30. Qh6+ 1-0

[Event "8th Sunway Sitges 2021"]
[Site "Sitges ESP"]
[Date "2021.12.15"]
[Round "3.13"]
[White "Baenziger, Fabian"]
[Black "Dardha, Daniel"]
[Result "1/2-1/2"]
[WhiteTitle "IM"]
[BlackTitle "GM"]
[WhiteElo "2409"]
[BlackElo "2533"]
[WhiteFideId "1330110"]
[BlackFideId "240990"]
[EventDate "2021.12.13"]

1. d4 Nf6 2. c4 d6 3. Nf3 g6 4. Nc3 Bf5 5. Qb3 Qc8 6. g3 Bg7 7. Bg2 c6 8. O-O
O-O 9. Re1 Na6 10. e4 Be6 11. e5 Nd7 12. exd6 exd6 13. Bf4 Nb6 14. d5 cxd5 15.
cxd5 Nc5 16. Qd1 Bf5 17. Bxd6 Rd8 18. Be7 Nd3 19. Bxd8 Qxd8 20. Nh4 Nxe1 21.
Qxe1 Qd7 22. Nxf5 Qxf5 23. Qe2 Rd8 24. Rd1 Qe5 25. Qb5 Qe7 26. Bh3 Qc7 27. Qa5
Qb8 28. Qb5 Bxc3 29. bxc3 Qe5 30. Bg2 Qxc3 31. d6 Rd7 32. Qg5 Qc2 33. Bf3 Qf5
34. Qe3 Nc4 35. Qe8+ Kg7 36. Be4 Qe6 37. Qxe6 fxe6 38. Bxb7 1/2-1/2

[Event "8th Sunway Sitges 2021"]
[Site "Sitges ESP"]
[Date "2021.12.15"]
[Round "3.14"]
[White "Van Foreest, Lucas"]
[Black "Setyaki, Azarya Jodi"]
[Result "1-0"]
[WhiteTitle "GM"]
[BlackTitle "IM"]
[WhiteElo "2530"]
[BlackElo "2389"]
[WhiteFideId "1039792"]
[BlackFideId "7101589"]
[EventDate "2021.12.13"]

1. d4 Nf6 2. c4 d6 3. Nc3 Nbd7 4. e4 e5 5. Nf3 g6 6. Be2 Bg7 7. O-O O-O 8. Qc2
c6 9. d5 c5 10. Kh1 Ne8 11. g3 Qe7 12. Bd2 f5 13. exf5 gxf5 14. Nh4 Nb6 15. Rae1
Kh8 16. Nd1 f4 17. Bd3 Bh6 18. Rg1 Nf6 19. Nf5 Bxf5 20. Bxf5 Nh5 21. g4 Ng7 22.
Bxh7 Qh4 23. Be4 Nd7 24. f3 Bg5 25. Re2 Rf6 26. h3 Qh6 27. Rh2 Bh4 28. g5 1-0

[Event "8th Sunway Sitges 2021"]
[Site "Sitges ESP"]
[Date "2021.12.15"]
[Round "3.15"]
[White "Sankalp, Gupta"]
[Black "Bhambure, Shantanu"]
[Result "1-0"]
[WhiteTitle "IM"]
[WhiteElo "2504"]
[BlackElo "2377"]
[WhiteFideId "5097010"]
[BlackFideId "5025931"]
[EventDate "2021.12.13"]

1. e4 c6 2. d4 d5 3. f3 dxe4 4. fxe4 e5 5. Nf3 Bg4 6. c3 Nd7 7. Bd3 Bd6 8. O-O
Ngf6 9. Na3 b5 10. Nc2 O-O 11. Ne3 Bh5 12. Nf5 Qc7 13. Qe1 Bg6 14. Qh4 Bxf5 15.
exf5 Rfe8 16. Bc2 exd4 17. Nxd4 Nc5 18. g4 h6 19. Bxh6 Bxh2+ 20. Kh1 Nce4 21.
Bxe4 Rxe4 22. Bxg7 Kxg7 23. Qg5+ Kh7 24. Qxf6 Rxg4 25. Nf3 Bf4 26. Rg1 Rag8 27.
Rxg4 Rxg4 28. Re1 Rg7 29. Rd1 Bh6 30. Rd6 Bc1 31. Qh4+ 1-0

[Event "8th Sunway Sitges 2021"]
[Site "Sitges ESP"]
[Date "2021.12.15"]
[Round "3.16"]
[White "Daulyte-Cornette, Deimante"]
[Black "Muradli, Mahammad"]
[Result "0-1"]
[WhiteTitle "IM"]
[BlackTitle "IM"]
[WhiteElo "2398"]
[BlackElo "2503"]
[WhiteFideId "12802859"]
[BlackFideId "13409301"]
[EventDate "2021.12.13"]

1. e4 c5 2. Nf3 d6 3. d4 cxd4 4. Nxd4 Nf6 5. Nc3 a6 6. g3 e6 7. Bg2 Be7 8. O-O
O-O 9. Be3 Qc7 10. f4 Nc6 11. Nb3 b5 12. a3 Bb7 13. Qe2 Rac8 14. g4 Nd7 15. Qf2
b4 16. axb4 Nxb4 17. Ra4 d5 18. exd5 Nxd5 19. Nxd5 exd5 20. c3 Nf6 21. h3 Rfe8
22. Rd1 Bf8 23. g5 Ne4 24. Bxe4 Rxe4 25. Rxe4 dxe4 26. Qd2 Bc6 27. Nd4 Bd7 28.
Kh2 a5 29. Qg2 Qb7 30. Re1 a4 31. Bg1 a3 32. bxa3 Rxc3 33. Qxe4 Rxh3+ 34. Kg2
Qb2+ 35. Re2 Qxa3 36. Re3 Qb2+ 37. Bf2 Rh4 38. Rb3 Qd2 39. Qe3 Qa2 40. Rb8 Qd5+
41. Kf1 Rh1+ 42. Bg1 Bh3+ 43. Ke1 Qa5+ 44. Ke2 Qa2+ 45. Kd3 Bf1+ 46. Ke4 Rh3 47.
Qe1 Bg2+ 0-1

[Event "8th Sunway Sitges 2021"]
[Site "Sitges ESP"]
[Date "2021.12.15"]
[Round "3.17"]
[White "Priasmoro, Novendra"]
[Black "Gomes, Mary Ann"]
[Result "1-0"]
[WhiteTitle "GM"]
[BlackTitle "WGM"]
[WhiteElo "2502"]
[BlackElo "2354"]
[WhiteFideId "7105029"]
[BlackFideId "5013623"]
[EventDate "2021.12.13"]

1. d4 Nf6 2. Nc3 d5 3. Bg5 e6 4. e4 dxe4 5. Nxe4 Be7 6. Bxf6 gxf6 7. Nf3 f5 8.
Nc3 a6 9. d5 Bf6 10. Bc4 b5 11. Bb3 c5 12. dxc6 Qxd1+ 13. Nxd1 Nxc6 14. c3 Bb7
15. Ne3 Rg8 16. Rg1 Na5 17. Ke2 Nxb3 18. axb3 f4 19. Nc2 e5 20. g3 fxg3 21. hxg3
a5 22. Ne3 Ke7 23. Rh1 Be4 24. Rh6 Rgd8 25. g4 a4 26. bxa4 bxa4 27. g5 Bg7 28.
Rb6 Rab8 29. Rxb8 Rxb8 30. Rxa4 Rxb2+ 31. Nd2 Bg6 32. Ra7+ Ke6 33. Ra6+ Kd7 34.
Nd5 Bf8 35. Nf6+ Kc7 36. Ra5 h6 37. Ra8 Be7 38. Ra7+ Kd6 39. Ra6+ Kc7 40. Nd5+
Kb7 41. Rxg6 Bxg5 42. Rxg5 hxg5 43. Nb4 e4 44. Kd1 f5 45. Kc1 Rxb4 46. cxb4 Kc6
47. Nxe4 Kd5 1-0